Game programming all in one (Record no. 153993)
[ view plain ]
| 000 -LEADER | |
|---|---|
| fixed length control field | 01388nam a2200337 a 4500 |
| 082 04 - DEWEY DECIMAL CLASSIFICATION NUMBER | |
| Classification number | 794.8/15265 |
| 100 1# - MAIN ENTRY--AUTHOR NAME | |
| Personal name | Harbour, Jonathan S. |
| 245 10 - TITLE STATEMENT | |
| Title | Game programming all in one |
| 250 ## - EDITION STATEMENT | |
| Edition statement | 3rd ed. |
| 260 ## - PUBLICATION, DISTRIBUTION, ETC. (IMPRINT) | |
| Place of publication | Boston, Mass. : |
| Name of publisher | Thomson Course Technology, |
| Year of publication | c2007. |
| 300 ## - PHYSICAL DESCRIPTION | |
| Number of Pages | 803 p. : |
| Other physical details | ill. |
| 500 ## - GENERAL NOTE | |
| General note | Includes index. |
| 505 0# - FORMATTED CONTENTS NOTE | |
| Formatted contents note | pt. 1. Cross-platform game programming with the Allegro Game Library -- pt. 2. Sprite programming -- pt. 3. Scrolling backgrounds -- pt. 4. Taking it to the next level -- pt. 5. Appendices. |
| 650 #0 - SUBJECT ADDED ENTRY--TOPICAL TERM | |
| Topical Term | Computer games |
| 856 40 - ELECTRONIC LOCATION AND ACCESS | |
| Uniform Resource Identifier | http://site.ebrary.com/lib/rucke/Doc?id=10231524 |
No items available.
